|
|
|
|
| LEADER |
00000nam a2200000 i 4500 |
| 003 |
Ucuenca |
| 005 |
20240326220007.0 |
| 006 |
a||||fr|||| 001 || |
| 007 |
ta |
| 008 |
210629t20182018mx aaaaf 001 0 spa a |
| 020 |
|
|
|a 978-607-30-0441-1
|
| 020 |
|
|
|a 978-607-448-706-0
|
| 040 |
|
|
|a UCuenca-cdrjbv
|b spa
|c UCuenca
|e rda
|
| 041 |
0 |
|
|a spa
|
| 082 |
0 |
|
|2 22
|a 572
|c 204664
|
| 100 |
1 |
|
|9 117239
|a Martínez Montes, Federico.
|e autor
|
| 245 |
0 |
0 |
|a Bioquímica de Laguna y Piña /
|c Federico Martínez Montes [y otros dos].
|
| 250 |
|
|
|a Octava edición.
|
| 264 |
|
1 |
|a México:
|b Editorial El Manual Moderno,
|c 2018.
|
| 264 |
|
4 |
|c ©2018
|
| 300 |
|
|
|a xx,741 páginas:
|b ilu
|c 29 cm
|
| 336 |
|
|
|2 rdacontent
|a texto
|b txt
|
| 337 |
|
|
|2 rdamedia
|a no mediado
|b n
|
| 338 |
|
|
|2 rdacarrier
|a volumen
|b nc
|
| 504 |
|
|
|a ii
|
| 505 |
1 |
|
|a El agua, el oxigeno y la vida -- Las moléculas de la célula -- Trasformaciones energéticas y moleculares -- Los genes y su expresión -- Problemas de salud actuales.
|
| 520 |
3 |
|
|a La bioquímica, como todas las ciencias, se encuentran en constante evolución, por esta razón los libros de texto deben también cambiar al mismo ritmo, tal y como lo hace la octava edición de Bioquímica de alguna y piña, pero sin dejar de lados conocido abordaje conciso de los principios de fisiología celular, metabolismo y regulación de de agua y electrólitos, fundamentos de biología molecular, entre muchos temas más.
|
| 650 |
1 |
7 |
|2 UCuenca-cdrjbv
|9 12766
|a Bioquímica
|
| 650 |
1 |
7 |
|2 UCuenca-cdrjbv
|9 54757
|a Célula
|
| 651 |
|
|
|2 UCuenca-cdrjbv
|
| 700 |
1 |
|
|9 117240
|a Pardo Vázquez, Juan Pablo.
|e autor
|
| 700 |
1 |
|
|9 117241
|a Riveros Rosas, Héctor.
|e autor
|
| 942 |
|
|
|2 ddc
|c BK
|z vanessa.morales@ucuenca.edu.ec
|0 34
|r pablo.criollo@ucuenca.edu.ec
|
| 999 |
|
|
|c 159445
|d 159445
|